000
00208nam a22000857a 4500
001
1235283
005
20250930120922.0
245
_a
AVAYİP YARATIKLAR
_c
CHARLES OGDEN
260
_b
GÜNIŞIĞI KİTAPLIĞI YAYINLARI
999
_c
1235283
_d
1235283